|
|
|
|
| LEADER |
01169ppm a22003138a 4500 |
| 001 |
00036496 |
| 005 |
20171026081025.0 |
| 008 |
170303s2014 ||||||Viesd |
| 041 |
0 |
# |
|a Vie
|
| 082 |
1 |
4 |
|a 373.11
|b M458S
|
| 100 |
1 |
# |
|a Lý ,Vân Nam
|
| 245 |
0 |
0 |
|a Một số giải pháp quản lý đội ngũ GV các trường THPT huyện Long Hồ, tỉnh Vĩnh Long
|b Luận văn thạc Khoa học Giáo dục . Chuyên ngành: Quản lí Giáo dục. Mã số: 60 14 01 14
|c Lý Vân Nam; Phạm Minh Giản (hướng dẫn)
|
| 260 |
# |
# |
|a Nghệ An
|b Đại học Vinh
|c 2014
|
| 300 |
# |
# |
|a 110tr.
|c 30cm.
|
| 500 |
# |
# |
|a ĐTTTS ghi: Bộ giáo dục và đào tạo. Đại học Vinh
|
| 653 |
# |
# |
|a Giáo viên
|
| 653 |
# |
# |
|a Giải pháp
|
| 653 |
# |
# |
|a Vĩnh Long
|
| 653 |
# |
# |
|a THPT
|
| 653 |
# |
# |
|a Quản lí
|
| 653 |
# |
# |
|a Luận văn
|
| 700 |
1 |
# |
|a Phạm Minh Giản
|e Hướng dẫn
|
| 852 |
# |
# |
|j LV.0000921
|
| 852 |
# |
# |
|b Kho đọc SĐH
|j LV.0000921
|
| 910 |
|
|
|d 03/03/2017
|
| 980 |
# |
# |
|a Trung tâm Học liệu Lê Vũ Hùng, Trường Đại học Đồng Tháp
|